| 000 | 00494nam a22001817a 4500 | ||
|---|---|---|---|
| 003 | OSt | ||
| 005 | 20170329140814.0 | ||
| 008 | 170329b xxu||||| |||| 00| 0 eng d | ||
| 020 | _a9780521880213 | ||
| 040 | _cDDC. | ||
| 082 | _a530ALE 2008 | ||
| 100 |
_aBettini,Alessandro; _912007 |
||
| 245 | _aintroduction to elementary particle physics: | ||
| 260 | _aCambridge : Cambridge University Press;2008p; | ||
| 300 |
_axiv,431p; _bill: _c25cm. |
||
| 650 |
_aphysics. _9809 |
||
| 942 |
_2ddc _cO_SHELF |
||
| 999 |
_c5779 _d5779 |
||